000 00247nam a22001097a 4500
005 20230724124624.0
008 230724b |||||||| |||| 00| 0 eng d
245 _aREADER,S DIGEST
260 _c2023
650 _aMONTHLY MAGAZINE
_97862
942 _cJRL
999 _c8327
_d8325